Fresh frozen sanggoby and feather back fish paste, ការកែច្នៃបង្កងត្រីតំរី និង ប្រហិតត្រីស្លាត (Record no. 3739)
[ view plain ]
| 000 -LEADER | |
|---|---|
| fixed length control field | 00452nam a22001337a 4500 |
| 040 ## - CATALOGING SOURCE | |
| Transcribing agency | RUA |
| 082 ## - DEWEY DECIMAL CLASSIFICATION NUMBER | |
| Classification number | FIS SOU 1996 B165 Or.1 |
| 100 ## - MAIN ENTRY--AUTHOR NAME | |
| Personal name | SOUN, SOTHEA. |
| 245 ## - TITLE STATEMENT | |
| Title | Fresh frozen sanggoby and feather back fish paste, ការកែច្នៃបង្កងត្រីតំរី និង ប្រហិតត្រីស្លាត |
| 260 ## - PUBLICATION, DISTRIBUTION, ETC. (IMPRINT) | |
| Place of publication | Phnom Penh |
| Name of publisher | RUA |
| Year of publication | 1996 |
| 300 ## - PHYSICAL DESCRIPTION | |
| Number of Pages | 71p. |
| Other physical details | ill. |
| Dimensions | 29cm. |
| 856 ## - ELECTRONIC LOCATION AND ACCESS | |
| Uniform Resource Identifier | SOUN SOTHEA |
| 942 ## - ADDED ENTRY ELEMENTS (KOHA) | |
| Koha item type | FIS |
| 952 ## - LOCATION AND ITEM INFORMATION (KOHA) | |
| Withdrawn status [LOCAL, KOHA] | 0 |
| Permanent Location | Date acquired | Koha item type | Lost status | Shelving location | Barcode | Current Location | Full call number |
|---|---|---|---|---|---|---|---|
| Library Block B | 2015-11-30 | FIS | B165 | RUA012491 | Library Block B | FIS SOU 1996 B165 Or.1 |